000
00191nam a2200085 4500
001
1234074
005
20250926112232.0
245
_a
ŞEKİLLİ KİMYA SÖZLÜĞÜ
_c
TÜBİTAK
260
_b
TÜBİTAK
999
_c
1234074
_d
1234074